Zapisz Państwo Po Angielsku - Statystyki

Ogólne statystyki
  • Ten quiz został rozwiązany 178 razy
  • Średni wynik to 14 z 26
Statystyki odpowiedzi
Kraj Po Polsku Kraj Po Angielsku % Poprawnych
Andora Andorra
91%
Cypr Cyprus
83%
Arabia Saudyjska Saudi Arabia
81%
Czechy Czech Republic
79%
Meksyk Mexico
79%
Holandia Netherlands
76%
Słowacja Slovakia
73%
Bahamy Bahamas
70%
Gruzja Georgia
69%
Algieria Algeria
68%
Czarnogóra Montenegro
68%
Luksemburg Luxembourg
60%
Fidżi Fiji
59%
Republika Południowej Afryki South Africa
56%
Bośnia I Hercegowina Bosnia and Herzegovina
39%
Azerbejdżan Azerbaijan
37%
Kazachstan Kazakhstan
37%
Malezja Malaysia
37%
Papua Nowa Gwinea Papua New Guinea
37%
Dżibuti Djibouti
31%
Dominikana Dominican Republic
28%
Salwador El Salvador
28%
Gwinea Równikowa Equatorial Guinea
28%
Kirgistan Kyrgyzstan
22%
Wyspy Świętego Tomasza I Książęce Sao Tome and Principe
18%
Macedonia Północna Northern Macedonia
17%
Nie znaleziono quizów pasujących do podanych kryteriów
Rozkład punktacji
Procent ludzi z każdym wynikiem
Percentyl według liczby udzielonych odpowiedzi
Twoja historia wyników
Nie rozwiązałeś tego quizu